000 01244nmm a2200349 a 4500
001 ocm0002015414
003 TR-IsHL
005 20201028175503.0
008 181028s2007 tu tur
007 cr cn
020 _a9786055988005
035 _a2015414
_b(N$T)
050 0 4 _aPL76.9.S26
_bS419 2007
090 0 4 _aPL76.9.S26
_bS419 2007
100 1 _aSamiytulı, Jaksılık
245 1 0 _aKaharlı Altay
_h[electronic resource] /
_cJaksılık Samiytulı ; çeviren M. H. Kazakkızı; Yayın Yönetmeni Ali Akbaş ; Yayın Koordinatörü Cihan Özdemir; Kapak Sayfa Tasarımı Bünyamin Kocataş
250 _a1. Baskı
260 _aAnkara :
_bBengü Yayınları,
_c2007
300 _a330 p.
500 _aOrijinal adı : Sergeldeng : 3 Cilt
650 4 _aDil ve Edebiyat
650 4 _aLanguage and Literature
650 0 _aBatur, Osman, 1890-1951
650 0 _aKazakh fiction
650 0 _aKazak roman
650 7 _aLITERARY COLLECTIONS / Russian & Former Soviet Union
_2bisacsh
700 1 _aKazakkızı, M. H.
700 1 _aAkbaş, Ali
700 1 _aÖzdemir, Cihan
700 1 _aKocataş, Bünyamin
856 4 0 _uhttp://search.ebscohost.com/login.aspx?direct=true&scope=site&db=e011xww&AN=2015414
999 _c18694
_d18694